[Event "V Festival Mare di Fano A"]
[Site "Fano ITA"]
[Date "2016.08.01"]
[Round "3"]
[White "Setyaki, Azarya Jodi"]
[Black "Legowo, Parahita Millyena"]
[WhiteElo "2325"]
[BlackElo "2085"]
[Result "1-0"]
[PlyCount "55"]
[EventDate "2016.07.30"]

1. e4 e6 2. Nf3 d5 3. e5 c5 4. b4 cxb4 5. a3 Nc6 6. axb4 Bxb4 7. c3 Be7 8. d4
Bd7 9. Bd3 Na5 10. Ra2 b5 11. h4 Nc4 12. Ng5 Bxg5 13. hxg5 Qb6 14. g6 fxg6 15.
Bxg6+ Kd8 16. Bd3 Kc7 17. Nd2 Nxd2 18. Qxd2 a5 19. Ba3 Nh6 20. Bc5 Qc6 21. Qg5
b4 22. Qxg7 b3 23. Rb2 a4 24. Rxh6 a3 25. Bd6+ Kc8 26. Qxh8+ Be8 27. Rxe6 Qxc3+
28. Rd2 1-0

[Event "V Festival Mare di Fano A"]
[Site "Fano ITA"]
[Date "2016.08.01"]
[Round "3"]
[White "Varvaglione, Antonio"]
[Black "Rezzuti, Vincenzo"]
[WhiteElo "2189"]
[BlackElo "1937"]
[Result "1-0"]
[PlyCount "65"]
[EventDate "2016.07.30"]

1. e4 e5 2. Nf3 Nc6 3. Bc4 Nf6 4. d3 Be7 5. O-O O-O 6. c3 d6 7. h3 Na5 8. Bb3
a6 9. Ba4 b5 10. Bc2 c5 11. Nbd2 Qc7 12. Re1 h6 13. Nf1 Be6 14. Ng3 Nh7 15. Be3
Ng5 16. Nxg5 hxg5 17. Qh5 f6 18. Bd1 Bf7 19. Qg4 g6 20. h4 Qc8 21. hxg5 fxg5
22. Nf1 Be6 23. Qg3 Qd8 24. Bg4 Bxg4 25. Qxg4 Qc8 26. Qg3 Qd8 27. Nh2 Kg7 28.
Nf3 Rh8 29. Nxg5 Qg8 30. f4 exf4 31. Bxf4 Nb7 32. e5 Bxg5 33. Bxg5 1-0

[Event "V Festival Mare di Fano A"]
[Site "Fano ITA"]
[Date "2016.08.01"]
[Round "3"]
[White "Wieczorek, Oskar"]
[Black "Brancaleoni, Maurizio"]
[WhiteElo "2458"]
[BlackElo "2229"]
[Result "1-0"]
[PlyCount "131"]
[EventDate "2016.07.30"]

1. Nf3 d5 2. g3 g6 3. Bg2 Bg7 4. O-O Nf6 5. c4 c6 6. d4 O-O 7. b3 Bf5 8. Bb2 a5
9. Nc3 Ne4 10. Nh4 Nxc3 11. Bxc3 Be6 12. c5 Nd7 13. Rc1 Bf6 14. Nf3 Bg4 15. Ne5
Nxe5 16. dxe5 Bg7 17. h3 Be6 18. Qd2 a4 19. Bd4 Qc7 20. Qc3 axb3 21. axb3 Ra2
22. e3 Rfa8 23. Ra1 h5 24. Rxa2 Rxa2 25. Ra1 Rxa1+ 26. Qxa1 Kh7 27. b4 Qd7 28.
Kh2 Qc7 29. Bf1 Bf5 30. f3 Be6 31. Kg2 Qd8 32. g4 Bh6 33. Be2 Kg8 34. Kg3 hxg4
35. hxg4 Bg7 36. Bd3 Qb8 37. Kg2 Qc8 38. Kg3 Qb8 39. Kh3 Kh7 40. Kg2 Kg8 41.
Kh3 Kh7 42. b5 cxb5 43. Bxb5 Qh8 44. Kg3 Qb8 45. Kg2 Kg8 46. Bd3 Qc7 47. Kh3
Kh7 48. Qb2 Kg8 49. Kg2 Bh8 50. Be2 Bg7 51. f4 Qc8 52. Kg3 Bf8 53. Bf3 Qd7 54.
Qb3 Bg7 55. Qb1 Bf8 56. Be2 Bg7 57. Bd1 Kh7 58. f5 gxf5 59. Bc2 Kg6 60. Qh1 Bh6
61. Qh5+ Kg7 62. gxf5 Qb5 63. fxe6 Qf1 64. Qxf7+ Qxf7 65. exf7 Kxf7 66. e4 1-0

[Event "V Festival Mare di Fano A"]
[Site "Fano ITA"]
[Date "2016.08.01"]
[Round "4"]
[White "Brancaleoni, Maurizio"]
[Black "Aulia, Medina Warda"]
[WhiteElo "2229"]
[BlackElo "2382"]
[Result "1/2-1/2"]
[PlyCount "23"]
[EventDate "2016.07.30"]

1. Nf3 Nf6 2. c4 e6 3. g3 d5 4. d4 dxc4 5. Bg2 c5 6. O-O Nc6 7. dxc5 Qxd1 8.
Rxd1 Bxc5 9. Nbd2 c3 10. bxc3 O-O 11. Nb3 Be7 12. Nbd4 1/2-1/2

[Event "V Festival Mare di Fano A"]
[Site "Fano ITA"]
[Date "2016.08.01"]
[Round "4"]
[White "Corvi, Marco"]
[Black "Romanishin, Oleg M"]
[WhiteElo "2343"]
[BlackElo "2433"]
[Result "0-1"]
[PlyCount "39"]
[EventDate "2016.07.30"]

1. c4 e5 2. Nc3 Nf6 3. g3 d5 4. cxd5 Nxd5 5. Bg2 Nb6 6. Nf3 Nc6 7. a3 Be6 8. b4
a5 9. b5 Nd4 10. Rb1 a4 11. e3 Bb3 12. Rxb3 Nxb3 13. Nxe5 Bd6 14. f4 Bxe5 15.
fxe5 O-O 16. O-O Nxc1 17. Qxc1 Rb8 18. Rf4 Qe7 19. d4 c6 20. Ne4 0-1

[Event "V Festival Mare di Fano A"]
[Site "Fano ITA"]
[Date "2016.08.01"]
[Round "4"]
[White "Di Chiara, Mauro"]
[Black "Aulia, Virda Rizka"]
[WhiteElo "1934"]
[BlackElo "1918"]
[Result "0-1"]
[PlyCount "116"]
[EventDate "2016.07.30"]

1. Nf3 e6 2. d4 d5 3. c4 Nf6 4. Nc3 b6 5. cxd5 exd5 6. Bg5 Bb7 7. e3 Be7 8. Bd3
O-O 9. O-O Nbd7 10. Rc1 c5 11. Re1 Re8 12. Ne5 Nxe5 13. dxe5 Ne4 14. Bxe7 Qxe7
15. f4 Nxc3 16. Rxc3 Red8 17. Qh5 g6 18. Qh6 c4 19. Bc2 b5 20. e4 Qf8 21. Qxf8+
Kxf8 22. exd5 Bxd5 23. Rce3 Be6 24. Be4 Rac8 25. Kf2 Rd2+ 26. R1e2 Rcd8 27.
Rxd2 Rxd2+ 28. Re2 Rd1 29. a3 a5 30. Ke3 Ke7 31. Rd2 Rxd2 32. Kxd2 Kd8 33. Kc3
Kc7 34. Kd4 b4 35. axb4 axb4 36. Bf3 Kb6 37. Be2 c3 38. bxc3 b3 39. Bd3 b2 40.
Bb1 Bf5 41. Ba2 b1=Q 42. Bxb1 Bxb1 43. Kd5 Kc7 44. g4 Ba2+ 45. c4 Kd7 46. h4 h5
47. gxh5 gxh5 48. f5 Ke7 49. Kd4 Bb1 50. f6+ Ke6 51. c5 Ba2 52. c6 Bd5 53. c7
Bb7 54. c8=Q+ Bxc8 55. Ke4 Bb7+ 56. Kf4 Bd5 57. Kg5 Kxe5 58. Kxh5 Kxf6 0-1

[Event "V Festival Mare di Fano A"]
[Site "Fano ITA"]
[Date "2016.08.01"]
[Round "4"]
[White "Fisabilillah, Ummi"]
[Black "Cirelli, Alessandro"]
[WhiteElo "2099"]
[BlackElo "1935"]
[Result "1-0"]
[PlyCount "37"]
[EventDate "2016.07.30"]

1. e4 e5 2. Nf3 Nc6 3. Bc4 Bc5 4. c3 Nf6 5. d3 d5 6. exd5 Nxd5 7. O-O O-O 8.
Nbd2 Bb6 9. Re1 Re8 10. d4 Bg4 11. Qc2 Bxf3 12. Nxf3 Qd6 13. Ng5 g6 14. Ne4
exd4 15. Bxd5 Qxd5 16. Nf6+ Kh8 17. Nxe8 Ne5 18. Nf6 Qc5 19. Ne4 1-0

[Event "V Festival Mare di Fano A"]
[Site "Fano ITA"]
[Date "2016.08.01"]
[Round "4"]
[White "Getz, Nicolai"]
[Black "Mazzini, Mauro"]
[WhiteElo "2461"]
[BlackElo "2191"]
[Result "1-0"]
[PlyCount "73"]
[EventDate "2016.07.30"]

1. e4 c5 2. Nf3 g6 3. d4 cxd4 4. Qxd4 Nf6 5. Nc3 Nc6 6. Qa4 d6 7. e5 dxe5 8.
Nxe5 Qd4 9. Nxc6 Qxa4 10. Nxa4 bxc6 11. Be3 Bg7 12. O-O-O Bf5 13. Bd3 O-O 14.
Bxf5 gxf5 15. Bd4 Ne4 16. f3 Nf6 17. Rhe1 e6 18. c4 Rfd8 19. Kc2 Ne8 20. Bf2
Bf6 21. Nc5 Be7 22. Nb7 Rdb8 23. Rd7 Kf8 24. Red1 Nf6 25. Rxe7 Kxe7 26. Bc5+
Ke8 27. Nd6+ Kf8 28. Nb5+ Kg7 29. Nc7 Rc8 30. Nxa8 Rxa8 31. Rd6 Rc8 32. Bxa7
Kg6 33. Bb6 c5 34. a4 f4 35. a5 Ra8 36. Rd8 Ra6 37. Kb3 1-0

[Event "V Festival Mare di Fano A"]
[Site "Fano ITA"]
[Date "2016.08.01"]
[Round "4"]
[White "Khadijah, Qurota'ain"]
[Black "Nemeth, Miklos"]
[WhiteElo "1996"]
[BlackElo "2467"]
[Result "0-1"]
[PlyCount "94"]
[EventDate "2016.07.30"]

1. e4 e5 2. Nf3 Nc6 3. d4 exd4 4. Bc4 Nf6 5. O-O Nxe4 6. Re1 d5 7. Bxd5 Qxd5 8.
Nc3 Qh5 9. Nxe4 Be6 10. Bg5 Bb4 11. Nxd4 Qxd1 12. Rexd1 Nxd4 13. Rxd4 Be7 14.
Bxe7 Kxe7 15. Nc5 Rhd8 16. Rad1 Rxd4 17. Rxd4 Bc8 18. f3 b6 19. Ne4 Bf5 20. Ng3
Be6 21. a3 c5 22. Rd2 b5 23. Ne4 Rc8 24. Nd6 Rd8 25. Ne4 Rc8 26. Nd6 Rb8 27.
Ne4 c4 28. c3 a5 29. Kf2 b4 30. axb4 axb4 31. cxb4 Rxb4 32. Ke3 f5 33. Nc5 f4+
34. Ke2 Bf5 35. g4 Rb5 36. Na4 Bd3+ 37. Ke1 Ke6 38. Nc3 Rb3 39. Kd1 Ke5 40. Ke1
Kd4 41. Nd1 Rb6 42. Rf2 g5 43. Kd2 Rb3 44. Rg2 Bg6 45. Rf2 Be8 46. Kc2 Ba4 47.
Nc3 Rxc3+ 0-1

[Event "V Festival Mare di Fano A"]
[Site "Fano ITA"]
[Date "2016.08.01"]
[Round "4"]
[White "Laketic, Gojko"]
[Black "Fier, Alexandr"]
[WhiteElo "2413"]
[BlackElo "2616"]
[Result "0-1"]
[PlyCount "148"]
[EventDate "2016.07.30"]

1. d4 Nf6 2. Nf3 g6 3. c4 Bg7 4. Nc3 d5 5. cxd5 Nxd5 6. Bd2 Nc6 7. e3 O-O 8.
Bb5 Nxc3 9. Bxc3 Qd5 10. Qe2 Bg4 11. O-O a6 12. Bc4 Bxf3 13. gxf3 Qd7 14. Rfd1
Na7 15. Rac1 Nb5 16. Bb4 Nd6 17. Bd3 c6 18. f4 Rfe8 19. Qf3 Nf5 20. Qh3 e6 21.
Be4 Bf6 22. Kh1 Kh8 23. Bc3 Qe7 24. Ba5 Rg8 25. Rg1 Rg7 26. a3 Rag8 27. Qf3 Qd7
28. Qh3 Ne7 29. Qf3 Nd5 30. Qh3 Be7 31. Bf3 f5 32. Rg2 Bd6 33. Qh4 Qf7 34. Rcg1
Be7 35. Qh3 Bf6 36. Rc1 h6 37. Rcg1 Kh7 38. Rg3 Rh8 39. Bd2 Kg8 40. Rc1 Bd8 41.
Qg2 Bh4 42. Rh3 g5 43. e4 fxe4 44. Bxe4 Nxf4 45. Bxf4 Qxf4 46. Rf1 Rf7 47. Re3
Qd6 48. Bb1 Rf6 49. Ba2 Kg7 50. Re4 Kf8 51. Qh3 Kf7 52. f4 Re8 53. f5 Kg7 54.
Bxe6 Kh8 55. Qg2 Qc7 56. Qf3 Re7 57. Qc3 Rg7 58. d5 g4 59. dxc6 bxc6 60. Rd1
Kh7 61. h3 h5 62. hxg4 hxg4 63. Kg2 Qb6 64. Qd4 c5 65. Qe5 Rh6 66. f6 Bxf6 67.
Bf5+ Kh8 68. Qf4 Bd4 69. Re8+ Rg8 70. Rde1 Qb7+ 71. Be4 Qxb2+ 72. Kf1 Rf6 73.
Rxg8+ Kxg8 74. Bf5 Kf8 0-1

[Event "V Festival Mare di Fano A"]
[Site "Fano ITA"]
[Date "2016.08.01"]
[Round "4"]
[White "Lavorgna, Filippo"]
[Black "Sala, Sergio"]
[WhiteElo "1849"]
[BlackElo "1919"]
[Result "1/2-1/2"]
[PlyCount "115"]
[EventDate "2016.07.30"]

1. c4 c6 2. g3 Nf6 3. Bg2 d5 4. Nf3 Bg4 5. Ne5 Be6 6. cxd5 Bxd5 7. Nf3 c5 8.
Nc3 Bc6 9. O-O e6 10. d4 cxd4 11. Nxd4 Bxg2 12. Kxg2 Bc5 13. Nb3 Qxd1 14. Rxd1
Bb6 15. h3 Nc6 16. a4 a6 17. a5 Ba7 18. Na4 Nd7 19. Bd2 Ke7 20. Bc3 f6 21. Rd2
Rhd8 22. Rad1 Rac8 23. Nd4 Nxd4 24. Bxd4 Bxd4 25. Rxd4 e5 26. Rb4 Rc7 27. Rd3
Nb8 28. Rdb3 Rdd7 29. Nb6 Nc6 30. Nxd7 Nxb4 31. Nxf6 gxf6 32. Rxb4 Kd6 33. Rb6+
Kc5 34. Rb3 Rd7 35. e3 e4 36. Rb6 f5 37. g4 fxg4 38. hxg4 Re7 39. Kg3 Kc4 40.
Kf4 Kd3 41. Rd6+ Ke2 42. Rd4 Kxf2 43. Rxe4 Rf7+ 44. Ke5 Re7+ 45. Kd5 Rg7 46.
Rb4 Kxe3 47. Ke5 h5 48. gxh5 Rg5+ 49. Kd6 Rxh5 50. Kc7 Rxa5 51. Kxb7 Ra2 52.
Rb6 a5 53. Ka6 Kd3 54. Rb5 a4 55. Ka5 Kc2 56. Rb4 Rxb2 57. Rxb2+ Kxb2 58. Kxa4
1/2-1/2

[Event "V Festival Mare di Fano A"]
[Site "Fano ITA"]
[Date "2016.08.01"]
[Round "4"]
[White "Lavorgna, Francesco"]
[Black "Lindiawati, Evi"]
[WhiteElo "1887"]
[BlackElo "2022"]
[Result "1/2-1/2"]
[PlyCount "73"]
[EventDate "2016.07.30"]

1. c4 c5 2. Nf3 Nc6 3. g3 g6 4. Bg2 Bg7 5. O-O e5 6. d3 Nge7 7. Nc3 O-O 8. Bd2
h6 9. a3 d6 10. Qc1 Kh7 11. Rb1 Be6 12. Ne4 Ng8 13. b4 Qe7 14. bxc5 dxc5 15.
Be3 Nd4 16. Nxd4 exd4 17. Bf4 b6 18. Bd6 Qd7 19. Bxf8 Rxf8 20. Qc2 f5 21. Nd2
f4 22. Ne4 Bh3 23. Qd2 Be5 24. Nxc5 Qg4 25. Ne4 Nf6 26. Nxf6+ Rxf6 27. f3 Qd7
28. g4 Bxg2 29. Kxg2 Bd6 30. Qb2 Bc5 31. Ra1 Re6 32. Ra2 Qe7 33. a4 a5 34. Rh1
Qh4 35. Qd2 Re3 36. Qe1 Qe7 37. h4 1/2-1/2

[Event "V Festival Mare di Fano A"]
[Site "Fano ITA"]
[Date "2016.08.01"]
[Round "4"]
[White "Legowo, Parahita Millyena"]
[Black "Liepold, Stefan"]
[WhiteElo "2085"]
[BlackElo "2236"]
[Result "1-0"]
[PlyCount "57"]
[EventDate "2016.07.30"]

1. e4 e6 2. d4 d5 3. Nd2 c5 4. exd5 exd5 5. Bb5+ Bd7 6. Qe2+ Be7 7. dxc5 Nf6 8.
Ngf3 O-O 9. O-O Re8 10. Bxd7 Nbxd7 11. Nb3 Bxc5 12. Qd3 Bb6 13. Bg5 Qc7 14. c3
a5 15. Nbd2 a4 16. Rae1 Rxe1 17. Rxe1 a3 18. b3 Nc5 19. Qf5 Nce4 20. Nxe4 Nxe4
21. Bh4 g6 22. Qxd5 Nxc3 23. Qd2 Rc8 24. h3 Qc6 25. Qh6 Ne4 26. Rxe4 Qxe4 27.
Bf6 Qb1+ 28. Kh2 Bc7+ 29. g3 1-0

[Event "V Festival Mare di Fano A"]
[Site "Fano ITA"]
[Date "2016.08.01"]
[Round "4"]
[White "Lioe, Dede"]
[Black "Wieczorek, Oskar"]
[WhiteElo "2357"]
[BlackElo "2458"]
[Result "1-0"]
[PlyCount "99"]
[EventDate "2016.07.30"]

1. c4 c5 2. g3 Nf6 3. Bg2 d5 4. cxd5 Nxd5 5. b3 e5 6. Bb2 Nc6 7. d3 Be7 8. Nf3
f6 9. O-O O-O 10. Nbd2 Be6 11. a3 Qd7 12. Rc1 Rac8 13. Re1 b6 14. Nc4 b5 15.
Ncd2 Rfd8 16. Ne4 Nd4 17. Nfd2 Nb6 18. e3 Nf5 19. Bf1 Bf8 20. Qh5 Ne7 21. h3
Ned5 22. Rc2 Rc7 23. Rec1 Rdc8 24. Kh2 a5 25. Qe2 a4 26. bxa4 Nxa4 27. Ba1 Ndb6
28. f4 exf4 29. gxf4 Nd5 30. Qf3 Re8 31. Ng3 f5 32. e4 Ne7 33. Qe3 Ng6 34. Nf3
Bb3 35. Rg2 Bd6 36. Nh5 Qd8 37. e5 Bd5 38. Be2 Bf8 39. Rcg1 b4 40. Rxg6 hxg6
41. Rxg6 Rc6 42. Qg1 Qc7 43. Qg5 Ree6 44. Nf6+ Rxf6 45. exf6 Re6 46. Ne5 Rxf6
47. Rxf6 Be7 48. Ng4 Qd8 49. Nh6+ Kh8 50. Qh5 1-0

[Event "V Festival Mare di Fano A"]
[Site "Fano ITA"]
[Date "2016.08.01"]
[Round "4"]
[White "Maisuradze, Nino"]
[Black "Landi, Alberto"]
[WhiteElo "2281"]
[BlackElo "2004"]
[Result "1-0"]
[PlyCount "91"]
[EventDate "2016.07.30"]

1. d4 d5 2. c4 e6 3. Nc3 c6 4. e3 Nf6 5. Nf3 Nbd7 6. Bd3 a6 7. a4 Bb4 8. O-O
O-O 9. Qb3 Qe7 10. a5 dxc4 11. Bxc4 Bd6 12. Bd2 e5 13. dxe5 Nxe5 14. Nxe5 Qxe5
15. f4 Qh5 16. Be2 Qh6 17. Bf3 Re8 18. Rae1 Bc7 19. Na4 Ne4 20. Bxe4 Rxe4 21.
Nc5 Re8 22. e4 Bd6 23. Nd3 Rb8 24. e5 Bc7 25. Qc3 Bf5 26. Nc5 Red8 27. b4 Rd5
28. Be3 Qg6 29. Rf3 h5 30. Rg3 Qh7 31. Nxb7 h4 32. Rg5 Be4 33. Qxc6 Rb5 34.
Qxc7 R5xb7 35. Qd6 h3 36. Rd1 Re8 37. Bc5 hxg2 38. Qxa6 Bf3 39. Rc1 Rd7 40. Qc4
Red8 41. Bd6 Re8 42. a6 Rdd8 43. b5 Qh4 44. Rg3 Ba8 45. b6 Re6 46. b7 1-0

[Event "V Festival Mare di Fano A"]
[Site "Fano ITA"]
[Date "2016.08.01"]
[Round "4"]
[White "Matsenko, Andrei"]
[Black "Marzocchi, Tommaso"]
[WhiteElo "2327"]
[BlackElo "2068"]
[Result "1-0"]
[PlyCount "45"]
[EventDate "2016.07.30"]

1. d4 d5 2. c4 c6 3. Nc3 Nf6 4. Nf3 e6 5. e3 Nbd7 6. a4 Bd6 7. a5 O-O 8. Qb3
Rb8 9. Bd3 Qc7 10. O-O dxc4 11. Bxc4 b5 12. axb6 axb6 13. e4 b5 14. Bd3 e5 15.
Be3 exd4 16. Bxd4 Nc5 17. Bxc5 Bxc5 18. e5 Nd7 19. Rae1 Rd8 20. Bxh7+ Kxh7 21.
Ng5+ Kg6 22. Qxf7+ Kxg5 23. Qxg7+ 1-0

[Event "V Festival Mare di Fano A"]
[Site "Fano ITA"]
[Date "2016.08.01"]
[Round "4"]
[White "Mirri, Pietro"]
[Black "Matsenko, Vadim"]
[WhiteElo "2011"]
[BlackElo "2132"]
[Result "0-1"]
[PlyCount "114"]
[EventDate "2016.07.30"]

1. d4 Nf6 2. c4 e6 3. Nf3 b6 4. g3 Bb7 5. Bg2 Bb4+ 6. Bd2 Bxd2+ 7. Nbxd2 O-O 8.
O-O c5 9. e3 cxd4 10. exd4 d5 11. b3 Qe7 12. Ne5 Rd8 13. Ndf3 Na6 14. Qe2 Rac8
15. Rac1 dxc4 16. bxc4 Qa3 17. Qe3 Qa4 18. Rfd1 Rc7 19. Bh3 Bc8 20. Rd3 Qe8 21.
g4 Nb4 22. Rb3 Nc6 23. g5 Nxe5 24. Nxe5 Nh5 25. Bg4 f6 26. gxf6 gxf6 27. Bxh5
Qxh5 28. Nf3 Qh3 29. Kh1 Rg7 30. Rg1 Rxg1+ 31. Nxg1 Bb7+ 32. f3 Qf5 33. Rb2 Kf7
34. Rg2 Bc6 35. c5 bxc5 36. dxc5 Rd3 37. Qh6 Bxf3 38. Qg7+ Ke8 39. Qg8+ Ke7 40.
Qg7+ Kd8 41. Qg8+ Kc7 42. Qg3+ Kc6 43. Nxf3 Qxf3 44. Qxf3+ Rxf3 45. Rg7 a5 46.
Ra7 Ra3 47. Ra6+ Kd5 48. c6 Rxa2 49. c7 Rc2 50. Rxa5+ Kd6 51. c8=Q Rxc8 52. Ra7
Rc7 53. Ra5 Rg7 54. h4 f5 55. Kh2 f4 56. h5 e5 57. h6 Rg5 0-1

[Event "V Festival Mare di Fano A"]
[Site "Fano ITA"]
[Date "2016.08.01"]
[Round "4"]
[White "Misiano, Franco"]
[Black "Rago, Riccardo"]
[WhiteElo "2296"]
[BlackElo "2042"]
[Result "1-0"]
[PlyCount "79"]
[EventDate "2016.07.30"]

1. e4 c5 2. Nf3 Nc6 3. d4 cxd4 4. Nxd4 Nf6 5. Nc3 e5 6. Ndb5 d6 7. Bg5 a6 8.
Na3 b5 9. Bxf6 gxf6 10. Nd5 Bg7 11. Bd3 Be6 12. O-O O-O 13. Qh5 h6 14. c4 bxc4
15. Nxc4 f5 16. Rad1 fxe4 17. Bxe4 f5 18. Bb1 Nd4 19. Nce3 Bf7 20. Qh3 f4 21.
Rxd4 exd4 22. Qf5 Re8 23. Qh7+ Kf8 24. Nf5 Qg5 25. Nxf4 Re5 26. g3 Qf6 27. Nh4
Rg5 28. Nhg6+ Bxg6 29. Nxg6+ Kf7 30. Re1 Re8 31. Rxe8 Kxe8 32. h4 Rc5 33. Nf4
Re5 34. Bg6+ Kf8 35. Be4 Ke8 36. Nh5 Rxh5 37. Bg6+ Ke7 38. Bxh5 Qe5 39. Bf3 a5
40. b3 1-0

[Event "V Festival Mare di Fano A"]
[Site "Fano ITA"]
[Date "2016.08.01"]
[Round "4"]
[White "Moroni, Luca jr"]
[Black "Kholopov, Alexander A"]
[WhiteElo "2457"]
[BlackElo "2289"]
[Result "1-0"]
[PlyCount "91"]
[EventDate "2016.07.30"]

1. d4 f5 2. g3 Nf6 3. Bg2 d6 4. Nf3 g6 5. O-O Bg7 6. b3 O-O 7. Bb2 Ne4 8. c4
Nc6 9. Nbd2 Nxd2 10. Qxd2 e5 11. dxe5 dxe5 12. Qd5+ Kh8 13. Qxd8 Rxd8 14. Ng5
Rd2 15. Bc3 Rc2 16. Rac1 Rxc1 17. Rxc1 e4 18. Bxg7+ Kxg7 19. f3 h6 20. Nh3 exf3
21. Bxf3 g5 22. Bxc6 bxc6 23. Nf2 a5 24. Nd3 a4 25. b4 a3 26. Kf2 Be6 27. Ke3
Rd8 28. Rc3 Kf6 29. Rxa3 Bxc4 30. Ra7 Re8+ 31. Kd2 Re4 32. a3 h5 33. Rxc7 Bb5
34. Rh7 f4 35. gxf4 gxf4 36. Rxh5 f3 37. e3 Rg4 38. Rh3 Rg2+ 39. Kc3 Ra2 40.
Rxf3+ Kg5 41. Kd4 Rxa3 42. e4 Rb3 43. e5 Bxd3 44. Rxd3 Rxb4+ 45. Kc5 Rb5+ 46.
Kd6 1-0

[Event "V Festival Mare di Fano A"]
[Site "Fano ITA"]
[Date "2016.08.01"]
[Round "4"]
[White "Murin, Janos"]
[Black "Altieri, Danilo Mario"]
[WhiteElo "2107"]
[BlackElo "2037"]
[Result "1-0"]
[PlyCount "115"]
[EventDate "2016.07.30"]

1. Nf3 f5 2. g3 Nf6 3. Bg2 e6 4. d3 Be7 5. c4 d6 6. Nc3 e5 7. e3 c6 8. O-O O-O
9. a3 h6 10. b4 Be6 11. Qe2 Nbd7 12. Nd2 Rc8 13. Bb2 Qe8 14. Rae1 Qg6 15. f4 h5
16. Nf3 Ng4 17. h3 Nh6 18. Kh2 Bf6 19. Rg1 Rfe8 20. Bf1 d5 21. cxd5 cxd5 22.
Nb5 e4 23. Nfd4 Bxd4 24. Bxd4 Rc6 25. Nxa7 Ra6 26. Nb5 Rc8 27. Qb2 Rac6 28. Rg2
Rd8 29. Rc1 Nf8 30. Rxc6 bxc6 31. Nc7 Rc8 32. Na6 Bf7 33. Nc5 Ne6 34. Nxe6 Bxe6
35. a4 Qf7 36. a5 Qb7 37. Qc3 Ra8 38. Rc2 Qe7 39. Qe1 Bd7 40. Ra2 Bc8 41. Bc5
Qe6 42. d4 Nf7 43. Be2 g6 44. a6 Nd6 45. Bxd6 Qxd6 46. Qc3 Kf7 47. Kg2 Ke6 48.
h4 Bd7 49. Kf2 Qb8 50. Qc5 Qa7 51. Qa5 Kd6 52. Ke1 Be8 53. Kd2 Bd7 54. Kc3 Qc7
55. Qc5+ Ke6 56. b5 Qd6 57. b6 Qb8 58. a7 1-0

[Event "V Festival Mare di Fano A"]
[Site "Fano ITA"]
[Date "2016.08.01"]
[Round "4"]
[White "Nguyen, Piotr"]
[Black "Cuhendi, Sean Winshand"]
[WhiteElo "2430"]
[BlackElo "2395"]
[Result "0-1"]
[PlyCount "48"]
[EventDate "2016.07.30"]

1. f4 d5 2. Nf3 Nc6 3. g3 h5 4. c4 e6 5. d4 h4 6. g4 Nf6 7. g5 Ne4 8. e3 f6 9.
Nbd2 Bb4 10. gxf6 Qxf6 11. Bd3 h3 12. Qc2 Bd7 13. a3 Bxd2+ 14. Bxd2 Nxd2 15.
Kxd2 O-O-O 16. Rhg1 dxc4 17. Bxc4 Ne7 18. Rac1 Rh5 19. b4 Rd5 20. a4 e5 21.
Nxe5 g5 22. Nc6 Bxc6 23. b5 gxf4 24. bxc6 fxe3+ 0-1

[Event "V Festival Mare di Fano A"]
[Site "Fano ITA"]
[Date "2016.08.01"]
[Round "4"]
[White "Priasmoro, Novendra"]
[Black "Klekowski, Maciej"]
[WhiteElo "2309"]
[BlackElo "2429"]
[Result "1/2-1/2"]
[PlyCount "52"]
[EventDate "2016.07.30"]

1. e4 c5 2. Nf3 Nc6 3. Bb5 g6 4. O-O Bg7 5. c3 Nf6 6. Re1 O-O 7. h3 a6 8. Bxc6
dxc6 9. d4 cxd4 10. cxd4 c5 11. Nc3 cxd4 12. Nxd4 Ng4 13. Nf3 Ne5 14. Nxe5 Bxe5
15. Bh6 Re8 16. Qb3 Qa5 17. Nd5 Be6 18. Red1 Qb5 19. Qxb5 axb5 20. f4 Bxb2 21.
Rab1 Bxd5 22. Rxd5 Ba3 23. Rbxb5 Ra4 24. Ra5 Rxa5 25. Rxa5 Bc1 26. e5 Be3+
1/2-1/2

[Event "V Festival Mare di Fano A"]
[Site "Fano ITA"]
[Date "2016.08.01"]
[Round "4"]
[White "Purnama, Tirta Chandra"]
[Black "Gonzalez Diaz, Julio"]
[WhiteElo "2337"]
[BlackElo "2273"]
[Result "1-0"]
[PlyCount "83"]
[EventDate "2016.07.30"]

1. d4 d6 2. c4 e5 3. Nf3 e4 4. Ng5 f5 5. Nh3 Nf6 6. Nc3 Be7 7. e3 O-O 8. Be2 c6
9. O-O Kh8 10. Rb1 d5 11. b4 Be6 12. Qb3 dxc4 13. Bxc4 Bxc4 14. Qxc4 b5 15. Qe6
Qd7 16. Ng5 h6 17. Nf7+ Kh7 18. Qb3 Bd6 19. Ne5 Bxe5 20. dxe5 Ng4 21. Bb2 Re8
22. Rfd1 Qe7 23. Ne2 Nxe5 24. Bxe5 Qxe5 25. Rbc1 a5 26. Rc5 Qf6 27. Nd4 g6 28.
a4 axb4 29. axb5 cxb5 30. h4 h5 31. Rxb5 Ra7 32. Qxb4 Nc6 33. Rb7+ Re7 34.
Rxe7+ Nxe7 35. g3 Kh6 36. Qb8 Ra5 37. Nc6 Nxc6 38. Qf4+ Kh7 39. Rd7+ Ne7 40.
Qc7 Qe6 41. Rxe7+ Qxe7 42. Qxe7+ 1-0

[Event "V Festival Mare di Fano A"]
[Site "Fano ITA"]
[Date "2016.08.01"]
[Round "4"]
[White "Rezzuti, Vincenzo"]
[Black "Esposti, Federico"]
[WhiteElo "1937"]
[BlackElo "2063"]
[Result "0-1"]
[PlyCount "60"]
[EventDate "2016.07.30"]

1. e4 c5 2. c3 d5 3. exd5 Qxd5 4. d4 Nf6 5. Nf3 e6 6. Be2 Nc6 7. O-O cxd4 8.
cxd4 Be7 9. Nc3 Qd8 10. h3 O-O 11. Bc4 a6 12. a4 Qc7 13. Qe2 Nb4 14. Bg5 b6 15.
Rac1 Qd8 16. Rfd1 Bb7 17. Qe5 Rc8 18. Bxe6 fxe6 19. Qxe6+ Kh8 20. Ne5 Nfd5 21.
Ne4 Qe8 22. Nd6 Bxd6 23. Qxd6 Rf5 24. Rxc8 Bxc8 25. Bd8 Rh5 26. Rc1 Be6 27.
Bxb6 Rh6 28. Qc5 Nxb6 29. Qxb6 Nd5 30. Rc6 Nxb6 0-1

[Event "V Festival Mare di Fano A"]
[Site "Fano ITA"]
[Date "2016.08.01"]
[Round "4"]
[White "Rigo, Janos"]
[Black "Setyaki, Azarya Jodi"]
[WhiteElo "2243"]
[BlackElo "2325"]
[Result "1-0"]
[PlyCount "108"]
[EventDate "2016.07.30"]

1. e4 g6 2. f4 Bg7 3. Nf3 c5 4. c3 d5 5. Bb5+ Bd7 6. Bxd7+ Qxd7 7. e5 d4 8. O-O
Nc6 9. Qb3 h6 10. Na3 e6 11. Nc4 Bf8 12. a4 Rb8 13. a5 Be7 14. d3 Kf8 15. cxd4
cxd4 16. Bd2 h5 17. Rfc1 Nh6 18. Qa4 Nf5 19. b4 Rd8 20. b5 Nb8 21. Bb4 Bxb4 22.
Qxb4+ Qe7 23. Qxe7+ Kxe7 24. Ng5 Rd5 25. Nd6 Nxd6 26. Rc7+ Nd7 27. exd6+ Rxd6
28. Rxb7 Rb8 29. Rxb8 Nxb8 30. Rc1 Rd5 31. Rc7+ Rd7 32. b6 axb6 33. axb6 f6 34.
Ne4 Kd8 35. Nc5 Rxc7 36. Nxe6+ Kc8 37. bxc7 Na6 38. Kf2 Nxc7 39. Nxd4 Kd7 40.
Kf3 Kd6 41. h3 Kd5 42. Ke3 Kd6 43. Ne2 Nd5+ 44. Kd4 Ne7 45. g4 hxg4 46. hxg4 f5
47. gxf5 gxf5 48. Ng3 Nc6+ 49. Kc4 Ne7 50. d4 Ke6 51. Kc5 Nd5 52. Ne2 Nf6 53.
d5+ Kd7 54. Ng3 Kd8 1-0

[Event "V Festival Mare di Fano A"]
[Site "Fano ITA"]
[Date "2016.08.01"]
[Round "4"]
[White "Scarpa, Silvia"]
[Black "Cavalieri, Riccardo"]
[WhiteElo "1926"]
[BlackElo "1937"]
[Result "1-0"]
[PlyCount "71"]
[EventDate "2016.07.30"]

1. e4 c5 2. Nc3 e6 3. g3 Nc6 4. Bg2 g6 5. d3 Bg7 6. Be3 b6 7. Qd2 Nge7 8. Bh6
O-O 9. Bxg7 Kxg7 10. h4 h5 11. Nf3 d5 12. exd5 Nxd5 13. Ne4 Bb7 14. Nfg5 Nf6
15. O-O-O Nxe4 16. Bxe4 Na5 17. Bxb7 Nxb7 18. g4 Rh8 19. Qf4 Qf6 20. Qe3 e5 21.
Rde1 Rae8 22. gxh5 Nd6 23. hxg6 fxg6 24. Reg1 Qf4 25. Qxf4 exf4 26. Rg4 Rhf8
27. Nh3 Kh6 28. Nxf4 Rf6 29. Rhg1 Rg8 30. Nd5 Re6 31. h5 g5 32. f4 Nf7 33. R4g2
Rg7 34. Kd2 g4 35. Ne3 Nd6 36. Nxg4+ 1-0

[Event "V Festival Mare di Fano A"]
[Site "Fano ITA"]
[Date "2016.08.01"]
[Round "4"]
[White "Szukics, Adam"]
[Black "Rahman, Masruri"]
[WhiteElo "2140"]
[BlackElo "2335"]
[Result "1-0"]
[PlyCount "87"]
[EventDate "2016.07.30"]

1. e4 e6 2. d4 d5 3. Nd2 c5 4. exd5 Qxd5 5. dxc5 Bxc5 6. Ngf3 Nf6 7. Bc4 Qd8 8.
O-O O-O 9. Nb3 Qxd1 10. Rxd1 Bb6 11. Bf4 Nc6 12. Bb5 Bd7 13. c4 a6 14. Ba4 Ne5
15. Bxd7 Nexd7 16. Rac1 Rfc8 17. Bd6 Ne4 18. Bg3 Ndf6 19. Nfd2 Rd8 20. c5 Ba7
21. Bc7 Rdc8 22. Nxe4 Nxe4 23. Bb6 Bxb6 24. cxb6 Nf6 25. a4 Kf8 26. a5 Ke7 27.
Kf1 Nd5 28. Nc5 Rab8 29. Rd4 g5 30. g3 h5 31. b3 g4 32. Rdc4 Nf6 33. Ke2 Ne8
34. Nd3 Rxc4 35. bxc4 Nd6 36. c5 Nf5 37. Nb4 Nd4+ 38. Ke3 Nb3 39. Rc2 Nxa5 40.
Ra2 Nb3 41. c6 Kd6 42. Nxa6 bxa6 43. c7 Re8 44. Rc2 1-0